| LEADER | 00978ca a2200289 4500 | ||
|---|---|---|---|
| 001 | 000031514 | ||
| 003 | 6293 | ||
| 005 | 20210315145451.0 | ||
| 008 | 151001s2008 000 eng | ||
| 020 | |a 9780073316123 | ||
| 041 | |a eng | ||
| 082 | |a 530 |b GI-A | ||
| 100 | |a Giambattista, Alan | ||
| 245 | 0 | |a Physics |n volume two |c Alan Giambattista, Robert C.Richardson …. | |
| 260 | |a New york : |b Mcgraw-hill companies, |c 2008. | ||
| 300 | |a 1004p. : |b ill. ; |c 27cm. | ||
| 650 | |a Physics | ||
| 700 | |a Richardson, Robert C | ||
| OWN | |a LNN | ||
| 902 | |a TKA | ||
| AVA | |a UDN50 |b LNN |c English |d 420.53 GI-A |e available |t Error 5001 Not defined in file expand_doc_bib_avail. |f 1 |g 0 |h N |i 0 |j AN |k 1 | ||
| 999 | |a From the UDN01 | ||
| AVA | |a UDN50 |b LNN |c English |d 420.53 GI-A |e available |t Error 5001 Not defined in file expand_doc_bib_avail. |f 1 |g 0 |h N |i 0 |j AN |k 1 | ||
| TYP | |a Printed language | ||
| 980 | |a Mạng thư viện Đại học Đà Nẵng | ||


